000 00302 a2200145 4500
001 181730
020 _a
040 _cMagnum
100 _aZabot, Grenilza Maria Lis
240 1 0 _aRoda do tempo
_lpor
245 1 0 _aRoda do tempo
362 0 _a1899
697 _aMAGNITO: PARADIDATICO
942 _cBK
999 _c181730
_d181730